000 nam a22 7a 4500
999 _c9906
_d9906
008 180208b ||||| |||| 00| 0 eng d
100 _aTagore, R
_95975
245 _aGitanjali
260 _aNew Delhi
_bMohit Publication
_c2012